000 00764nam a2200265Ia 4500
003 OSt
005 20221006161010.0
006 a|||||r|||| 00| 0
007 ta
008 221006b |||||||| |||| 00| 0 eng d
020 _a9788940050095
024 _a47,076
037 _cTextual
040 _aEASL
_cEASL
_beng
041 _2eng
_aeng
082 _aO495,1x, Q41
100 _aPARK Chun Ed.
_9675662
245 0 _aFaces of the festival
_b Poems of 12 morden Korean poets
260 _aSeoul
_bLiterature academy
_c2014
300 _a156p.
_ccm.
490 _v KEL
_aEnglish poetry series 9
700 _a KO Chang Soo Tr.
_9675663
942 _hO495,1x, Q41
_cTEXL
_2CC
999 _c1115165
_d1115165